El elemento irracional en la poesía

Tallennettuna:
Bibliografiset tiedot
Päätekijä: Stevens, Wallace (Tekijä)
Aineistotyyppi: Kirja
Kieli:espanja
Julkaistu: Córdoba Alción 2010
Painos:1a. ed
Aiheet:
Tagit: Lisää tagi
Ei tageja, Lisää ensimmäinen tagi!

MARC

LEADER 00000cam a2200000 a 4500
001 UCE7106
003 CL-VaPUC
008 150529e20100000ag |||||||||||||||||spa|d
020 |a 9789876460095 
082 0 4 |a 824  |b STE  |2 21 
100 0 |a Stevens, Wallace  |e author  |9 449578 
245 1 3 |a El elemento irracional en la poesía 
250 |a 1a. ed 
300 |a 125 p 
942 |c BK 
945 |d 20150529 15:00:00  |a dcastane 
260 |a Córdoba  |b Alción  |c 2010 
650 0 |a Ensayos ingleses  |9 265096 
650 0 |a Poesía   |9 265825 
650 0 |a Crítica e interpretación   |9 255042 
583 |a last modification  |c 20150529 15:00:00  |k Rodrigo Vera 
999 |c 359240  |d 359238 
952 |0 0  |1 0  |3 erb  |4 0  |6 824_000000000000000_STE_2010  |7 0  |8 A  |9 468380  |a BIBART  |b BIBART  |i 5161231  |o 824 STE 2010  |p 5161231  |r 2025-03-13  |w 2019-11-23  |y BK  |z Catalogado en:20150529  |k ART